ნორმალური ფორმატი
MARC ფორმატი
ჩანაწერი Personal Name
ჩანაწერთა რაოდენობა, რომელიც გამოყენებულია: 1
001 - CONTROL NUMBER
- control field: 11078
003 - CONTROL NUMBER IDENTIFIER
- control field: GE_BSU
005 - DATE AND TIME OF LATEST TRANSACTION
- control field: 20210405173729.0
008 - FIXED-LENGTH DATA ELEMENTS
- fixed length control field: 210405|| aca||aabn | a|a d
040 ## - CATALOGING SOURCE
- Original cataloging agency: GE_BSU
- Transcribing agency: GE_BSU
100 ## - HEADING--PERSONAL NAME
- Personal name: ოზთურქი, გულ მუქერრემ
670 ## - SOURCE DATA FOUND
- Source citation: Work cat.: (GE_BSU)52063: ოზთურქი, გულ მუქერრემ, ორჰან ქემალის ქართული თარგმანები (უბედური შემთხვევა, ქალბატონის მამული, უცხო ქალი)
